• 首页
  • 本馆介绍
  • 公告通知
  • 最新文献
  • 馆藏检索
  • 电子资源
  • 读者导购
  • 参考咨询
  • 我的图书馆
  • 登录
  • 详细信息显示
  • 放入我的书架
  • 预约/预借图书
  • 作者相关作品
  • 分类相关作品
  • 丛书相关作品
  • 出版社相关作品

书目信息

  • 表格格式
  • 工作单格式
  • 卡片格式
题名:
现代汉德词典
    
 
作者: 汪溥 , 邵康文 编
分册:  
出版信息: 北京   外语教学与研究出版社  1996
页数: 37,629页
开本: 21cm
丛书名:
单 册:
中图分类: H336
科图分类:
主题词: 德语--汉语--词典
电子资源:
ISBN: 7-5600-1017-2
000 00799nam0 2200253 45
001 0197006970
005 20070805095628.76
009 0197006970
010    @a7-5600-1017-2@b精装@dCNY29.90
100    @a19970121e20051996kemy0chiy0121 ea
101 0  @achi@ager
102    @aCN@b110000
105    @ay e 000yy
106    @ar
200 1  @a现代汉德词典@Axian dai han de ci dian@dDas moderne Chinesisch-Deutsche worterbuch@f汪溥,邵康文编@Fwang pu , shao kang wen bian@zger
210    @a北京@c外语教学与研究出版社@d1996@h2005重印
215    @a37,629页@d21cm
510 1  @aDas moderne Chinesisch-Deutsche worterbuch@zger
606 0  @a德语@x汉语@j词典
690    @aH336@v4
701  0 @a汪溥@Awang pu@4编
701  0 @a邵康文@Ashao kang wen@4编
801  0 @aCN@bNLC@c20070805
905    @dH336@e177@f3
    
    现代汉德词典=Das moderne Chinesisch-Deutsche worterbuch/汪溥,邵康文编.-北京:外语教学与研究出版社,1996(2005重印)
    37,629页;21cm
    
    
    ISBN 7-5600-1017-2(精装):CNY29.90
    
●
相关链接 在E读中查询图书 在五车中查询图书 在当当中查询图书 在豆瓣中查询图书


正题名:现代汉德词典     索取号:H336/177         预约/预借

序号 登录号 条形码 馆藏地/架位号 状态 备注
1 0852131   208521312   第二样本阅览室/ [索取号:H336/177] 在馆    
2 0852132   208521321   工具书阅览室/ [索取号:H336/177] 在馆    
3 0852133   208521330   密集书库/ [索取号:H336/177] 在馆    
唐山师范学院图书馆 欢迎您!
大连网信软件有限公司© 版权所有